000 00331 a2200157 4500
001 63835
020 _a8532614590
040 _cAnchieta - Pituba
100 _aDi Biase, Francisco
240 1 0 _aO homem holĂ­stico
_l
245 1 0 _aO homem holĂ­stico
300 _a204
362 0 _a1995
650 4 _aPsicologia
942 _cBK
999 _c63835
_d63835